000 00608nam a2200253Ia 4500
008 180803s9999 xx 000 0 und d
020 _a0439285984
050 _bE716 2000
100 _aErnst, Lisa Campbell
245 0 _aGoldilocks returns /
245 0 _cby Lisa Campbell Ernst.
260 _aBroadway, New York :
260 _bScholastic,
260 _c2000
300 _aunpaged :
300 _bcolored ;
300 _c26cm.
500 _a530
650 _aBears --
650 _aHumorous stories.
650 _aTalking books for children.
650 _xFiction.
700 _aTitle.
999 _c358284
_d358284